Potreba odborného vzdelávania zamestnancov a jeho dopad na úspešné fungovanie podniku bakalárska práca

Guardado en:
Detalles Bibliográficos
Autor principal: Dubcová, Juliána
Autor Corporativo: Obchodná fakulta EU. Katedra medzinárodného obchodu
Otros Autores: Krajčík, Daniel, 1981-
Formato: Libro
Lenguaje:eslovaco
Publicado: Bratislava 2013
Etiquetas: Agregar Etiqueta
Sin Etiquetas, Sea el primero en etiquetar este registro!

MARC

LEADER 00000nbm a2200000 4500
001 0171119
005 20170315090439.4
041 0 |a slo 
044 |a SK 
245 1 0 |a Potreba odborného vzdelávania zamestnancov a jeho dopad na úspešné fungovanie podniku  |b bakalárska práca  |c Juliána Dubcová ; školiteľ: Daniel Krajčík 
264 1 |a Bratislava  |c 2013 
300 |a 43 s. 
100 1 |a Dubcová, Juliána 
700 1 |a Krajčík, Daniel, 1981- 
710 2 |a Obchodná fakulta EU. Katedra medzinárodného obchodu